MARC

LEADER 00000nam0a2200000 4500
001 118744
005 20231031124314.0
010 |a 5210004007 
020 |a RU  |b 91-12259 
035 |a (RuTPU)RU\TPU\book\128490 
090 |a 118744 
100 |a 20070618d1991 m y0rusy5003 ca 
101 1 |a rus  |c lat 
102 |a RU 
105 |a a z 000ay 
200 1 |a Трагедии  |f Сенека Луций Анней  |g пер. с лат. С. А. Ошеров; коммент. Е. Рабинович 
210 |a Москва  |c Искусство  |d 1991 
215 |a 494,[2] с.  |c ил.  |d 18 см 
225 1 |a Античная драматургия  |a Рим 
327 1 |a Содерж.: Медея; Федра; Эдип; Финикиянки; Геркулес в безумье; Фиест; Троянки; Агамемнон; Октавия 
610 1 |a античная литература 
675 |a 87  |z rus 
700 0 |a Сенека Луций Анней  |c римский политический деятель  |c философ  |c писатель  |c представитель стоицизма  |f около 4 г. до н.э. - 65  |2 stltpush  |3 (RuTPU)RU\TPU\pers\850 
702 1 |a Ошеров  |b С. А.  |g Сергей Александорович  |4 730 
702 1 |a Рабинович  |b Е.  |4 210 
801 0 |a RU  |b RuMRKP  |c 19950417  |g psbo 
801 1 |a RU  |b 63413507  |c 20070618  |g PSBO 
801 2 |a RU  |b 63413507  |c 20071109  |g PSBO 
942 |c BK